00680nam a22002417a 4500003000500000005001700005008004100022010001000063011001000073035001000083040000900093082002000102100002600122245010300148260004200251300002000293500002400313650001700337650002100354650001700375700002400392700002200416CHAP20220329142236.0000317d2000 mx a r 00110 spa d a80430 a81402 a91871 cCHAP04a574.55bM3 200000aMarquardt, William C.10aParasitology and vector biologyc/by William C. Marquardt, Richard S. Demaree and Robert B. Grieve aSan Diego :bHarcourt Academic,c2000 a702 p. :bilus. aBibliog. p. 683-70214aBiofísica.14aParasitología.14aParásitos.0 aDemaree, Richard S.0 aGrieve, Robert B.